000 00599nam a2200181Ia 4500
008 090630s9999 xx 000 0 und d
082 _b2681
100 _aअनंतन जी.
245 _aजमीनीचा जादुगार.
_cअनंतन जी.
260 _bव्होरा कंपनी.
_c1960
300 _a32
600 _aअनंतन जी.
630 _aजमीनीचा जादुगार.
655 _aबालवाङमय.
700 _aअनंतन जी.
730 _aजमीनीचा जादुगार.
942 _cBOOK
999 _c254537
_d254537